Derecho de familia /
Guardado en:
| Autor Principal: | |
|---|---|
| Formato: | Libro |
| Idioma: | Spanish |
| Publicado: |
Buenos Aires :
Hammurabi,
2005
|
| Edición: | 1a. ed. |
| Materias: | |
| Etiquetas: |
Agregar Etiqueta
Sin Etiquetas, Sea el primero en etiquetar este registro!
|
| LEADER | 00802nam a22001575a 4500 | ||
|---|---|---|---|
| 001 | DER.der012737 | ||
| 008 | 180615s2005####ag#||||||||||||||#||spa|| | ||
| 005 | 20251205153814.0 | ||
| 245 | 1 | 0 | |a Derecho de familia / |c Jorge O. Azpiri |
| 250 | |a 1a. ed. | ||
| 260 | |a Buenos Aires : |b Hammurabi, |c 2005 | ||
| 505 | 0 | |a Matrimonio. Nulidad. Separación personal y divorcio vincular. Exclusión del hogar. Tenencia y régimen de visitas. Régimen de bienes, disolución y liquidación. Alimentos entre cónyuges y para los hijos. Medidas cautelares en el divorcio. Unión marital de hecho, efectos. Filiación, acciones y prueba. La adopción. Patria potestad. Tutela y curatela. Parentesco | |
| 020 | |a 9507410805 | ||
| 100 | 1 | |a Azpiri, Jorge O. | |
| 650 | 7 | |a DERECHO DE FAMILIA | |
| 859 | |a DERECHO |b BIB. DERECHO |h 346.015 |i AZP |p 007572 | ||
